Music Quiz

Random Music or Bands Quiz

Band by Setlist III Quiz Stats

 Plays Quiz Updated Mar 15, 2015

Challenge
Share
Tweet
Score 0/20 Timer 08:00
2 Plays Today
% Correct
AC/DC
95.5%
Elton John
93.9%
KISS
79.1%
Ozzy Osbourne
77.7%
Maroon 5
73.8%
Van Halen
70.4%
Jay-Z
66.1%
Blink-182
65.2%
No Doubt
62.4%
The Beastie Boys
58.7%
% Correct
Christina Aguilera
57%
Bruno Mars
53.8%
Cyndi Lauper
53.3%
Linkin Park
51.1%
Nine Inch Nails
49.4%
Cream
45.2%
Depeche Mode
45%
Stone Temple Pilots
42.5%
Bob Marley
41.4%
Crosby, Stills, and Nash
35%

You're not logged in!

Compare scores with friends on all Sporcle quizzes.
OR
Log In

You Might Also Like...

Show Comments

Extras

Top Quizzes Today


Score Distribution

Your Account Isn't Verified!

In order to create a playlist on Sporcle, you need to verify the email address you used during registration. Go to your Sporcle Settings to finish the process.

Report this User

Report this user for behavior that violates our Community Guidelines.

Details: